Представление документа в формате RUSMARC

ПолеНазваниеЗначение
  Тип записи a
  Библиографический уровень m
001 Контрольный номер 5838044107384a0d820ce6cda1ea247f
005 Дата корректировки 20251219142513.9
010 Индекс ISBN __
a ISBN 978-5-04-187820-7
b Уточнения в пер.
9 Тираж 10000 экз.
d Цена 690-00
100 Данные общей обработки __
a Данные общей обработки 20250221d2024 ma y0rusy028902 ca
101 Язык документа 1_
a Язык текста rus
c Язык оригинала fre
102 Страна публикации __
a Страна публикации RU
105 Кодированные данные (монография) __
a Кодированные данные (монография) y z 000ay
181 Поле кодированных данных: вид содержания _0
a Код вида содержания (ISBD) i
182 Поле кодированных данных: тип средства _0
a Код типа средства (ISBD) n
200 Заглавие и сведения об ответственности 1_
a Заглавие Ход королевой
f Первые сведения об ответственности Бернар Вербер
g Последующие сведения об ответственности перевод с французского Аркадия Кабалкина
203 Вид содержания и тип средства __
a Вид содержания Текст
c Тип средства непосредственный
210 Выходные данные 1_
a Место издания Москва
c Издательство Эксмо
d Дата издания 2024
215 Физическое описание __
a Объем 380, [2] с.
d Формат 21 см
225 Серия 2_
a Серия Бесконечная Вселенная Бернара Вербера
320 Библиография __
a Библиография Другие книги автора: с. [2]
330 Аннотация __
a Аннотация Шахматная партия сродни шекспировской трагедии. Это будет мировая революция пешек против королей и ферзей. Две женщины, две судьбы, два противоположных мировоззрения. Их дуэль неизбежна. Николь О'Коннор и Моника Макинтайр будут беспощадно говорить друг с другом. Их игровое поле простирается по всем уголкам планеты, превратившись в гигантскую шахматную доску, фигуры на которых — обычные люди. Уникальное сочетание искусства стратегии, интриги, литературы и геополитики.
333 Примечание о целевом назначении __
a Примечание о целевом назначении 18+. Запрещено для детей
454 Оригинал _0
1 2001
a La Diagonale Des Reines
f Bernard Werber
1 700 1
a Werber
g Bernard
b B.
606 Тематические рубрики __
a Основная рубрика Художественная литература
2 Код системы nlr_sh
606 Тематические рубрики __
2 Код системы nlr_sh
a Основная рубрика Литература Европы (произведения)
y Географическая подрубрика Франция
610 Ключевые слова 0_
a Ключевые слова зарубежная литература
610 Ключевые слова 0_
a Ключевые слова современная литература
610 Ключевые слова 0_
a Ключевые слова французская литература
610 Ключевые слова 0_
a Ключевые слова психологическая фантастика
610 Ключевые слова 0_
a Ключевые слова повороты судьбы
610 Ключевые слова 0_
a Ключевые слова зарубежная фантастика
610 Ключевые слова 0_
a Ключевые слова тема женщины
610 Ключевые слова 0_
a Ключевые слова тема противостояния
610 Ключевые слова 0_
a Ключевые слова тема интриг
610 Ключевые слова 0_
a Ключевые слова интриги
610 Ключевые слова 0_
a Ключевые слова соперничество
610 Ключевые слова 0_
a Ключевые слова фантастические произведения
610 Ключевые слова 0_
a Ключевые слова фэнтези
686 Индексы других классификаций __
2 Код системы rubbks
a Классификационный индекс 84(4Фра)6-445; ст84(4Фра)-445
700 Автор _1
a Фамилия Вербер
b Имя Б.
g Полное личное имя Бернар
f Даты 1961-
4 Код отношения 070
702 Вторичная интеллектуальная ответственность _1
a Фамилия Кабалкин
b Имя А. Ю.
g Полное личное имя Аркадий Юрьевич
f Даты 1958-
4 Код отношения 730
801 Источник записи _0
b Организация Муниципальное бюджетное учреждение культуры "Централизованная библиотечная система" г. Сургут (Центральная городская библиотека им. А. С. Пушкина)
a Страна RU
c Дата составления 20250221
g Правила каталогизации PSBO
801 Источник записи _1
b Организация Муниципальное бюджетное учреждение культуры "Централизованная библиотечная система" г. Сургут (Центральная городская библиотека им. А. С. Пушкина)
a Страна RU
c Дата составления 20250221
g Правила каталогизации PSBO
852 Данные о местонахождении 5_
j Шифр хранения 84(4Фра)6-445
i Авторский знак В 31
900 Макрообъекты __
a Макрообъекты Ход королевой. Вербер, Б. , 2024
901 Тип документа __
a Ответственный ООФиК/Волкова
t Тип документа m
903 Характеристики (МАРС) __
a Дата передачи 20250221
c Наименование библиотеки (МАРС) Муниципальное бюджетное учреждение культуры "Централизованная библиотечная система" г. Сургут (Центральная городская библиотека им. А. С. Пушкина)
990 Данные о заказе (DOS) __
j Количество экземпляров (DOS) 2
t N записи в КСУ для И/У (DOS) 202503